特色地名用字——全部对应省份 - Statistics

General Stats
  • This quiz has been taken 30 times
    29 since last reset
  • The average score is 18 of 177
Answer Stats
字词 频率/% 省份 % Correct
5.46/5.42 四川/重庆
58%
3.95 福建
58%
2.78 浙江
50%
6.98 上海
46%
3.38 内蒙古
46%
7.02 辽宁
46%
0.18/0.16 海南/广东
42%
0.26 云南
42%
各庄 3.33 北京
33%
1.65 天津
33%
1.27 福建
29%
1.07 西藏
29%
0.74 湖南
29%
2.01/1.53 黑龙江/吉林
25%
0.9/0.4 江西/四川
25%
家沟 5.1/5.07 辽宁/陕西
25%
3.72 上海
25%
0.59/0.39 上海/浙江
25%
29.06 黑龙江
25%
1.17/1.04 内蒙古/新疆
25%
1.26 山东
21%
14.28 湖南
21%
0.38 天津
21%
1.49 广西
21%
2.91 贵州
21%
7.13 重庆
21%
3.11 山西
21%
2.66/2.36 香港/广东
21%
0.71/0.7 重庆/四川
17%
0.79 湖南
17%
2.21/1.51 广西/广东
17%
二道 0.96/0.95 辽宁/吉林
17%
2.5 上海
17%
3.23/2.08 西藏/青海
17%
河子 0.54 吉林
17%
33.7 新疆
17%
0.1 广东
17%
0.3/0.17 香港/广东
17%
0.61/0.54 内蒙古/云南
17%
1.43 陕西
17%
0.3/0.2 香港/广东
17%
1.56 西藏
17%
辛庄 3.04 天津
17%
4.46/4.24 北京/河北
17%
2.37/1.66 香港/青海
17%
2.37 香港
17%
屿 0.74/0.32 福建/浙江
17%
8.41/8.09 云南/贵州
17%
0.89/0.44 香港/江西
17%
1.25 广西
13%
圪旦 2.26 内蒙古
13%
31.38 辽宁
13%
0.4 广东
13%
0.37 贵州
13%
2.34/2.12 河北/北京
13%
0.42/0.23 广东/广西
13%
0.36 山东
13%
2.66/1.22 香港/福建
13%
6.98 上海
13%
6.49 西藏
13%
10.09/7.57 内蒙古/青海
13%
4.73 香港
13%
0.18 江苏
13%
6.3 内蒙古
13%
5.03 江苏
13%
窝堡 2.55 吉林
13%
窝棚 1.7 黑龙江
13%
1.48/1.09 甘肃/陕西
13%
0.2/0.11 广东/江西
13%
40.41 天津
13%
0.84 甘肃
8%
1.92 湖南
8%
0.3 福建
8%
0.68 福建
8%
0.55 北京
8%
2.5/2.33 甘肃/湖北
8%
4.9 青海
8%
8.01 新疆
8%
0.66/0.66 山西/宁夏
8%
0.74 四川
8%
3.09 云南
8%
6.36 新疆
8%
0.3 香港
8%
5.39/3.75 内蒙古/新疆
8%
4.81 浙江
8%
3.68 福建
8%
4.22/3.75 贵州/重庆
8%
0.83 宁夏
8%
5.88 北京
8%
1.01 江西
8%
2.78/2.27 宁夏/甘肃
4%
1.52/1.43 宁夏/甘肃
4%
0.62/0.55 江苏/上海
4%
1.25/1.01 山西/浙江
4%
0.84 辽宁
4%
1.12 福建
4%
0.08/0.06 江苏/浙江
4%
0.26 云南
4%
1.69 内蒙古
4%
0.28/0.25 吉林/黑龙江
4%
0.99 山东
4%
0.27/0.23 广东/江西
4%
2.16 新疆
4%
0.06/0.06 广东/海南
4%
3.93 陕西
4%
2.34 广西
4%
13.2/7.91 西藏/青海
4%
4.58/3.28 河南/山东
4%
烧锅 0.33 吉林
4%
2.04/1.73 宁夏/甘肃
4%
1.19/1.15 宁夏/新疆
4%
0.74 山东
4%
1.62/1.09 甘肃/宁夏
4%
2.93 宁夏
4%
10.65 香港
4%
3.25/3.04 香港/福建
4%
0.9 广东
4%
1.49 甘肃
4%
0.89 香港
4%
3.48 安徽
4%
0.42 山西
4%
0.4 天津
4%
0.6/0.22 湖北/湖南
4%
22.72 上海
4%
0.23/0.18 海南/广东
4%
19.16 辽宁
4%
大村 0.35/0.35 云南/广西
0%
0.51/0.49 贵州/重庆
0%
殿 0.45/0.29 浙江/黑龙江
0%
0.1 湖南
0%
1.05/0.88 海南/西藏
0%
2.13/2.1 新疆/江苏
0%
1.56 湖北
0%
1.21 黑龙江
0%
0.57/0.52 江西/湖南
0%
1.4/1.28 海南/黑龙江
0%
0.22 河南
0%
0.59 安徽
0%
公里 0.41 黑龙江
0%
0.36 河北
0%
0.96/0.7 甘肃/陕西
0%
1.48 香港
0%
0.35 湖南
0%
家山 2.93 甘肃
0%
0.43/0.38 黑龙江/吉林
0%
0.42 重庆
0%
0.86 湖南
0%
1.9/1.81 江西/福建
0%
0.53 宁夏
0%
0.68 湖南
0%
0.74 江西
0%
4.09 广西
0%
1.77/1.72 海南/江西
0%
8.59/6.09 海南/贵州
0%
1.71 河北
0%
2.08 宁夏
0%
筲箕 0.09 重庆
0%
2.09 江苏
0%
0.12 湖南
0%
2.06 新疆
0%
0.12 内蒙古
0%
1.67 新疆
0%
0.43 吉林
0%
屋基 1.72 重庆
0%
0.3/0.22 香港/福建
0%
0.63 北京
0%
9.86/7.65 江西/福建
0%
0.12 江西
0%
沿 0.52 吉林
0%
杨树 0.4 河北
0%
1.34 浙江
0%
0.26 云南
0%
0.72 吉林
0%
4.73 海南
0%
0.46 山西
0%
栅子 0.24 北京
0%
0.81 内蒙古
0%
No matching quizzes found
Score Distribution
Percent of People with Each Score
Percentile by Number Answered
Your Score History
You have not taken this quiz since the last reset